| 000 | 00641nam a2200217 a 4500 | ||
|---|---|---|---|
| 005 | 20140310183340.0 | ||
| 008 | 061129s19uu xx 00 eng d | ||
| 020 | _a971923113 | ||
| 050 |
_aZ 253.532 _b.An552 2003 |
||
| 100 | _aAndes, Antonio Sr. | ||
| 245 |
_aSimple PageMaker 7.0 fully illustrated. / _cAntonio Andes Sr |
||
| 260 |
_aValenzuela, Philippines : _bAndes Mountain Printers, _c2003. |
||
| 300 |
_a298 p. : _bill. ; _c23 cm. |
||
| 440 | _aClassroom in a book | ||
| 521 | _aIT | ||
| 650 | _aAdobe PageMaker. | ||
| 650 | _aDeskstop publishing. | ||
| 700 | _aAndes, Antonio Jr. | ||
| 942 |
_cBK _2lcc _kLOC |
||
| 999 |
_c21783 _d21783 |
||